The archaelogy and monumental remains of Delhi / (Record no. 51367)
[ view plain ]
| 000 -LEADER | |
|---|---|
| fixed length control field | 01231nam a22002291 4500 |
| 005 - DATE AND TIME OF LATEST TRANSACTION | |
| control field | 20110401125037.0 |
| 010 ## - LCCN (DPL NO) | |
| LC control number | B-425080-081 |
| 020 ## - INTERNATIONAL STANDARD BOOK NUMBER | |
| International Standard Book Number | 8173052220 |
| Terms of availability | 1800.00 |
| 035 ## - SYSTEM CONTROL NUMBER | |
| System control number | B-425080-81 |
| 037 ## - SOURCE OF ACQUISITION | |
| Source of stock number/acquisition | Researchco Book Centre |
| 082 ## - DEWEY DECIMAL CLASSIFICATION NUMBER | |
| Classification number | 954.16 |
| 100 1# - MAIN ENTRY--PERSONAL NAME | |
| Personal name | Stephen, Carr |
| 245 14 - TITLE STATEMENT | |
| Title | The archaelogy and monumental remains of Delhi / |
| Statement of responsibility, etc | by Carr Stephen with an introduction by B.M. Pande |
| 260 ## - PUBLICATION, DISTRIBUTION, ETC. (IMPRINT) | |
| Place of publication, distribution, etc | New Delhi |
| Name of publisher, distributor, etc | Aryan Books International |
| Date of publication, distribution, etc | 2002 |
| 270 ## - ADDRESS | |
| Address | Pooja Apartments, 4B, Ansari Road, Daryaganj |
| City | New Delhi |
| Postal code | 110002 |
| 300 ## - PHYSICAL DESCRIPTION | |
| Extent | xv, 189 p. |
| Other physical details | ill. |
| Dimensions | 29cm(Hb) |
| 650 #0 - SUBJECT ADDED ENTRY--TOPICAL TERM | |
| Topical term or geographic name as entry element | Architecture |
| Geographic subdivision | India |
| -- | Delhi. |
| 942 ## - ADDED ENTRY ELEMENTS (KOHA) | |
| Source of classification or shelving scheme | Dewey Decimal Classification |
| Item type | English Books |
| Call number suffix | STE |
| Classification part | 954.16 |
| Withdrawn status | Lost status | Not for loan | Collection code | Home library | Current library | Date acquired | Source of acquisition | Cost, normal purchase price | Full call number | Barcode | Copy number | Cost, replacement price | Koha item type |
|---|---|---|---|---|---|---|---|---|---|---|---|---|---|
| Not For Loan | Reference | Central Library | Central Library | 10/08/2011 | Researchco Book Centre/RBC-22386/2011-12/14.3.11/76/4.3.11/23.3.11 | 1800.00 | 954.16 STE | B-425080 | 1 | 1800.00 | English Books | ||
| Not For Loan | Reference | Sarojini Nagar | Sarojini Nagar | 10/08/2011 | Researchco Book Centre/RBC-22386/2011-12/14.3.11/76/4.3.11/23.3.11 | 1800.00 | 954.16 STE | B-425081 | 1 | 1800.00 | English Books |
